Personnage des aventures de Tintin : le capitaine Haddock (Vol.1) - Statistiques

Statistiques générales
  • Ce quiz a été pris 133 fois
  • Le résultat moyen est 17 sur 22
Statistiques - réponses
Questions Réponses % Correct
Album dans lequel apparaît le capitaine Haddock. Le Crabe aux pinces d'or
96%
Premier lieutenant du cargo précédent sous le commandement théorique de Haddock. Dans les faits, Haddock était tellement miné par l'alcool qu'il ne pouvait plus commander quoi que ce soit. Allan Thompson
94%
Trois-mâts que commandait cet aïeul et qui est représenté en arrière-plan de son portrait dans l'appartement du capitaine. La Licorne
92%
Château que racheta le Capitaine Haddock et qui appartenait jadis à son aïeul (réponse #13). Le Château de Moulinsart
92%
Nom du cargo que commande le capitaine Haddock dans cet album. Le Karaboudjan
91%
Complétez cette réplique du capitaine Haddock : "Victoire !... Ils ont battu en _____ !..." Retraite
91%
Personnage qui aida financièrement Haddock à racheter ce château. Le Professeur Tryphon Tournesol
90%
Chanson interprétée par Jean Murat en 1931 (Heymann-Boyer) que chante Haddock ivre sur un port marocain : "C'est nous les gars de la _____". Marine
88%
Personnages qui accusent le capitaine d'avoir tué M. Sakharine. Ce dernier est en réalité toujours en vie. Dupond
86%
Personnages qui accusent le capitaine d'avoir tué M. Sakharine. Ce dernier est en réalité toujours en vie. Dupont
86%
Aïeul du capitaine Haddock, sous le règne de Louis XIV. Le Chevalier François de Hadoque
86%
Pays insulaire d'Europe dans lequel Haddock retrouve le précédent. L'Islande
82%
Ville du Mali actuel. Le capitaine y fit référence lorsque Tintin lui demanda s'il avait pris comme méridien d'origine celui de Greenwich. "Évidemment, ce n'est pas celui de _________". Tombouctou
74%
Ligue dont Haddock est le président au moment de cette expédition : la Ligue des marins anti_________. Alcooliques
71%
Être après Qui Haddock est seul maître à bord du navire précédent. Haddock le rappelle au faux prophète Philippulus en l'ordonnant de descendre de son perchoir. Dieu
70%
Vieil ami marin du capitaine Haddock, également capitaine. Le capitaine Chester
69%
Complétez cette réplique d'Haddock adressée à son ami : "Allez pour te faire plaisir, je vais prendre une goutte de whisky dans mon eau minérale... Une larme... un ______..." Soupçon
66%
Navire que commande Haddock vers le grand nord dans le cadre d'une expédition scientifique. L'Aurore
65%
Chalutier appartenant à l'ami de longue date du Capitaine Haddock (réponse #9). Haddock le loua à son ami pour une chasse au trésor. Le Sirius
59%
Poète, écrivain romantique et homme politique français (1790-1869) dont Haddock cite le poème "Le lac" dans "Le Trésor de Rackham le Rouge".
"Un soir, t’en souvient-il ? Nous voguions en silence ; On n’entendait au loin sur l’onde et sous les cieux, Que le bruit des rameurs qui frappaient en cadence Tes flots harmonieux"
Alphonse de Lamartine
58%
Nouveau nom donné au cargo précédent, reconnu par Haddock après s'en être échappé avec Tintin : Le Djebel ______. Amilah
58%
Archipel du Pacifique que citent régulièrement Haddock et cet ami dans leurs petits jeux de marins au moment de leurs retrouvailles. Les Îles Fidji
51%
Aucun quiz correspondant
Distribution des résultats
% des personnes avec chaque résultat
Percentile par nombre de réponses
Votre historique - résultats
Vous n’avez pas pris ce quiz